[Event "29th CRO-chT Junior 2020"]
[Site "Cakovec"]
[Date "2020.07.15"]
[Round "4.17"]
[White "Muha, Miljenko"]
[Black "Damjanovic, Stjepan"]
[Result "1-0"]
[WhiteElo "2310"]
[BlackElo "1867"]
[Annotator "RC"]
[PlyCount "59"]
[EventDate "2020.07.14"]
[EventType "team-tourn"]
[EventCountry "CRO"]
[SourceTitle "playchess.com"]
[Source "ChessBase"]
[SourceQuality "1"]
[TimeControl "5400+30"]

1. d4 {[%emt 0:00:30]} Nf6 {[%emt 0:00:30]} 2. c4 {[%emt 0:00:00]} e6 {[%emt 0:00:00]} 3. Nc3 {[%emt 0:00:00]} Bb4 {[%emt 0:00:00]} 4. e3 {[%emt 0:00:00]} O-O {[%emt 0:01:30]} 5. Bd3 {[%emt 0:00:00]} d5 {[%emt 0:00:30]} 6. a3 {[%emt 0:00:30]} Be7 {[%emt 0:01:30]} 7. cxd5 {[%emt 0:03:30]} exd5 {[%emt 0:01:30]} 8. Nge2 {[%emt 0:00:00]} c5 {[%emt 0:00:30]} 9. dxc5 {[%emt 0:01:00]} Bxc5 {[%emt 0:00:30]} 10. Nd4 {[%emt 0:25:30]} Bxd4 {[%emt 0:01:30]} 11. exd4 {[%emt 0:02:30]} Re8+ {[%emt 0:01:30]} 12. Be3 {[%emt 0:02:30]} Ng4 {[%emt 0:01:30]} 13. O-O {[%emt 0:11:30]} Qd6 {[%emt 0:00:30]} 14. g3 {[%emt 0:00:30]} Nxe3 {[%emt 0:02:30]} 15. fxe3 {[%emt 0:00:30]} Rxe3 {[%emt 0:01:30]} 16. Bxh7+ {[%emt 0:17:30]} Kf8 {[%emt 0:07:30]} 17. Qh5 {[%emt 0:03:30]} Be6 {[%emt 0:00:30]} 18. Bg6 {[%emt 0:07:30]} f6 {[%emt 0:02:30]} 19. Rxf6+ {[%emt 0:01:30]} Ke7 {[%emt 0:00:30]} 20. Rff1 {[%emt 0:06:28]} Rxg3+ {[%emt 0:52:30]} 21. hxg3 {[%emt 0:00:37]} Qxg3+ {[%emt 0:00:30]} 22. Kh1 {[%emt 0:00:04]} Nd7 {[%emt 0:00:00]} 23. Rf3 {[%emt 0:01:13]} Qd6 {[%emt 0:00:00]} 24. Re1 {[%emt 0:01:26]} Nf6 {[%emt 0:00:30]} 25. Qe5 {[%emt 0:00:42]} Rh8+ {[%emt 0:01:30]} 26. Kg1 {[%emt 0:00:07]} Qb6 {[%emt 0:04:24]} 27. Nxd5+ {[%emt 0:01:36]} Nxd5 {[%emt 0:00:08]} 28. Qxd5 {[%emt 0:00:19]} Rh6 {[%emt 0:01:30]} 29. Rf7+ {[%emt 0:00:13]} Ke8 {[%emt 0:00:09]} 30. Rxe6+ {[%emt 0:00:07]} 1-0

[Event "29th CRO-chT Junior 2020"]
[Site "Cakovec"]
[Date "2020.07.15"]
[Round "4.18"]
[White "Juric, Ester"]
[Black "Cvitan, Ena"]
[Result "0-1"]
[WhiteElo "1663"]
[BlackElo "2258"]
[Annotator "TA"]
[PlyCount "94"]
[EventDate "2020.07.14"]
[EventType "team-tourn"]
[EventCountry "CRO"]
[SourceTitle "playchess.com"]
[Source "ChessBase"]
[SourceQuality "1"]

{[%evp 17,94,0,1,-5,0,-8,-9,-11,-8,-10,-14,-50,-19,-53,0,-120,-125,-145,-130,-133,-97,-145,-118,-173,-185,-235,-158,-233,-220,-288,-271,-299,-298,-282,-278,-377,-116,-113,0,0,59,0,0,0,0,0,0,-22,0,-103,-12,-162,0,0,0,0,0,0,0,0,0,-69,-61,-97,-99,-168,-168,-190,-179,-397,-388,-498,-494,-494,-494,-429,-350,-701,-683]} 1. d4 Nf6 2. c4 e6 3. Nc3 Bb4 4. e3 b6 5. Nf3 Bb7 6. Bd3 O-O 7. O-O d5 8. cxd5 exd5 9. Ne5 c5 10. f4 {E53: Nimzo-Indian: Rubinstein: Main Line (4...0-0 5 Nf3 d5 6 Bd3 c5 7 0-0).} Nc6 11. a3 Bxc3 12. bxc3 {[#] The position is equal.} Ne4 $146 ({Predecessor:} 12... Rc8 13. Bd2 Na5 14. Be1 Ne4 15. Qh5 f6 16. Nf3 Qe8 17. Qh3 Rc7 18. Nh4 Bc8 19. f5 g5 {0-1 (47) Saralegui Cassan,M (2175)-Michailov,M (2112) Montevideo 2012}) 13. Bxe4 dxe4 14. Qe2 Qc7 15. Bb2 f6 ({Black should try} 15... Na5 $15) 16. Ng4 (16. Qc4+ $11 Kh8 17. Nxc6 Qxc6 18. a4) 16... Na5 $17 17. Rac1 Rac8 {[%cal Ba8c8,Bc8c7,Bc7c2][%mdl 32]} 18. Nf2 f5 19. Rfd1 Qf7 20. Rb1 (20. dxc5 $17 {keeps fighting.} Rxc5 21. a4) 20... Bd5 $19 21. Bc1 Rc7 22. g4 (22. dxc5 $17 Rxc5 23. Qe1) 22... Bb3 23. Re1 cxd4 24. cxd4 Rc2 25. Qb5 fxg4 26. Nxe4 Qb7 $2 (26... Bd5 $19 {is more deadly.} 27. Nd2 Nc4 28. Nxc4 Rg2+ 29. Kf1 g3) 27. Qd3 $17 Rfc8 (27... Qd5 $17 28. Bd2 Ra2) 28. Bd2 $1 $11 ({Much worse is} 28. Rxb3 Nxb3 29. Qxb3+ Kh8 $17) 28... Ba2 ({Better is} 28... Qd5 $11) 29. Rbc1 (29. Rb5 $14) 29... Rxc1 30. Rxc1 Rxc1+ 31. Bxc1 Bc4 32. Qb1 Qd5 33. Nd2 (33. Ng5 $11 {remains equal.} h6 34. Qg6 hxg5 35. Qe8+ Kh7 36. Qh5+ {[%mdl 64] Double Attack} Kg8 37. Qe8+ Kh7 38. Qh5+ {[%mdl 64] Double Attack} Kg8 39. Qe8+) 33... Ba6 (33... Nb3 $1 $17 {...Nxd2 is the strong threat.} 34. Nxc4 Qxc4) 34. Qb4 {[#]} (34. Qe4 $11 {and White has nothing to worry.} Qxe4 35. Nxe4) 34... Nc4 $2 ({Black should play} 34... Qc6 $1 $19 {[%cal Rc6c1]} 35. Qb2 Qa4 36. Qa2+ Kf8) 35. Qe7 {[%cal Re7e8]} h6 $40 {[%mdl 128] Black has some attack.} 36. Qe8+ Kh7 {( -> ...Nxd2)} 37. Qe4+ Qxe4 38. Nxe4 {[%mdl 4096] Endgame KBN-KBN} Bb7 39. Ng3 (39. Nc3 $11) 39... Nd6 $15 40. Kf2 Kg6 41. Ke2 {[#]} (41. Bd2 $17 {might work better.}) 41... h5 $1 $19 42. Kf2 h4 43. Ne2 $2 (43. f5+ Kf7 44. Ne2) 43... Ne4+ 44. Kg1 Ba6 45. f5+ Kxf5 46. Nf4 Bc4 47. Kg2 $2 (47. Ng2 g5 48. Ne1) 47... g5 {Accuracy: White = 34%, Black = 62%.} 0-1

[Event "29th CRO-chT Junior 2020"]
[Site "Cakovec"]
[Date "2020.07.15"]
[Round "4.19"]
[White "Dabic, Stjepan"]
[Black "Mandaric, Fran"]
[Result "1/2-1/2"]
[WhiteElo "2120"]
[BlackElo "1671"]
[Annotator "TA"]
[PlyCount "106"]
[EventDate "2020.07.14"]
[EventType "team-tourn"]
[EventCountry "CRO"]
[SourceTitle "playchess.com"]
[Source "ChessBase"]
[SourceQuality "1"]

{[%evp 19,106,0,2,-7,-4,-13,0,-20,-9,-36,-12,-14,14,9,4,0,0,0,24,25,36,36,34,15,14,14,20,12,130,130,130,130,130,130,130,130,130,130,130,130,130,130,179,94,130,0,0,0,0,0,0,0,0,0,0,0,0,0,0,0,0,0,0,0,0,0,0,0,0,0,0,0,0,0,0,0,0,0,0,0,0,0,6091,0,0,0,0,0,0]} 1. d4 Nf6 2. c4 e6 3. Nc3 Bb4 4. e3 O-O 5. Nf3 b6 6. Bd3 Bb7 7. O-O d5 8. cxd5 exd5 9. Ne5 Nbd7 10. f4 c5 11. a3 {E52: Nimzo-Indian: Rubinstein: 4...0-0 5 Nf3 d5 6 Bd3 b6.} Bxc3 12. bxc3 Ne4 {[#]} 13. Bxe4 $146 (13. Bb2 {is interesting.} Rc8 14. a4 Ndf6 15. a5 c4 16. a6) ({Predecessor:} 13. Bb2 Nxe5 14. fxe5 Qg5 15. Rf4 Rad8 16. Qe2 f6 17. Bxe4 dxe4 18. Raf1 f5 19. a4 {1-0 (101) Moroni,L (2541)-Bellia,F (2433) Padova 2019}) 13... dxe4 14. Qe2 Nxe5 15. fxe5 f6 16. exf6 Rxf6 17. Bb2 Rxf1+ 18. Rxf1 Qd6 19. c4 Rf8 20. Rxf8+ Qxf8 21. dxc5 Qxc5 22. Qd2 Qg5 23. Qd4 Qf6 (23... Qe7 $11) 24. Qd7 $16 ({Much worse is} 24. Qxf6 $6 gxf6 25. Bxf6 Ba6 $11) 24... Qf7 25. Qd8+ Qf8 {[#]} 26. Qc7 $1 {[%cal Rc7b7]} Ba6 27. h3 h6 {intending ...Qf7.} 28. Qxa7 Bxc4 29. Qxb6 Kh7 30. a4 Bf1 31. Bf6 (31. a5 $18) 31... Be2 32. Qb2 (32. Bd4 $16 {Hoping for a5.} Qf7 33. a5) 32... Qxf6 $11 33. Qxe2 {[%mdl 4096] [#] Endgame Strongly threatening Qb5. KQ-KQ} Qa1+ 34. Qf1 Qxa4 35. Qf5+ Kh8 36. Kh2 Qc4 37. Kg3 Qd3 38. Qf8+ Kh7 39. Qc5 Kh8 40. Qd4 {Threatening Qxd3.} Qb1 41. Qc3 Kh7 42. Kf2 Qa2+ 43. Kg1 Qb1+ 44. Kh2 Qd3 45. Qd4 Qxd4 46. exd4 {K3P-K3P} Kg6 $1 47. Kg3 Kf5 48. Kf2 {aiming for Ke3.} Ke6 49. Ke2 $1 Kd6 $1 50. Kd2 h5 $2 {[%mdl 8192]} (50... Kc6 $11) 51. h4 $2 (51. Ke3 $18 Ke6 52. Kxe4) 51... Ke6 {The position is equal.} 52. Ke2 Kd6 53. Kf2 Ke6 {Accuracy: White = 86%, Black = 84%.} (53... Kc6 $5) 1/2-1/2

[Event "29th CRO-chT Junior 2020"]
[Site "Cakovec"]
[Date "2020.07.15"]
[Round "4.20"]
[White "Markovic, Marko"]
[Black "Purini, Bruno"]
[Result "0-1"]
[WhiteElo "2232"]
[BlackElo "2017"]
[Annotator "TA"]
[PlyCount "56"]
[EventDate "2020.07.14"]
[EventType "team-tourn"]
[EventCountry "CRO"]
[SourceTitle "playchess.com"]
[Source "ChessBase"]
[SourceQuality "1"]

{[%evp 9,56,0,-5,-100,-80,-128,-124,-181,-153,-202,-195,-212,-203,-199,-139,-163,-160,-158,-164,-165,-135,-211,-172,-177,-181,-177,-160,-168,-162,-154,-142,-142,-114,-160,-160,-150,-145,-328,-187,-12830,-12830,-12829,-12829,-12832,-12827,-8362,-5900,-4910,-4810]} 1. d4 d5 2. c4 e6 3. Nc3 a6 4. Nf3 Nf6 5. Bf4 dxc4 6. e4 {[#] D37: Queen's Gambit Declined: 5 Bf4.} (6. e3 $11 {keeps the balance.}) 6... b5 $1 $17 7. a3 Bb7 8. Bg5 (8. Qe2 $17) 8... Be7 9. Bxf6 Bxf6 10. e5 Be7 {[#]} 11. a4 $146 ({Predecessor:} 11. Be2 b4 12. axb4 Bxb4 13. Bxc4 O-O 14. O-O Bxc3 15. bxc3 Qe7 16. Qd3 Bxf3 17. Qxf3 {1-0 (40) Nardemir,I-Comakci,A Kemer 2011}) 11... Bb4 (11... b4 $19 12. Ne2 Nc6) 12. axb5 axb5 {And now ...Bxf3 would win.} 13. Rxa8 Bxa8 14. Be2 c5 15. O-O (15. dxc5 $17 Qxd1+ 16. Kxd1) 15... Bxc3 16. bxc3 Bxf3 $1 17. Bxf3 cxd4 18. Qxd4 Qxd4 19. cxd4 $19 {[%mdl 4096] Endgame KRB-KRN} Kd7 20. Rb1 c3 {...b4! is the strong threat.} 21. Be4 Rc8 22. Rxb5 {[#]} Nc6 $1 23. Rb7+ $2 {This costs White the game.} (23. Kf1 $17) 23... Rc7 (23... Ke8 $142 24. Rb1 Nxd4) 24. Bxc6+ $2 (24. Rb1) 24... Kxc6 {Black is clearly winning.} 25. Rb1 Kd5 26. Kf1 Kxd4 27. Ke2 c2 28. Rc1 Kc3 {Accuracy: White = 38%, Black = 63%.} 0-1

[Event "29th CRO-chT Junior 2020"]
[Site "Cakovec"]
[Date "2020.07.16"]
[Round "5.1"]
[White "Topalic, Fran"]
[Black "Muha, Miljenko"]
[Result "1-0"]
[WhiteElo "1741"]
[BlackElo "2310"]
[Annotator "TA"]
[PlyCount "121"]
[EventDate "2020.07.14"]
[EventType "team-tourn"]
[EventCountry "CRO"]
[SourceTitle "playchess.com"]
[Source "ChessBase"]
[SourceQuality "1"]

{[%evp 12,121,51,50,71,80,66,8,47,58,91,83,87,87,133,79,118,76,175,162,204,197,322,329,332,327,766,734,802,455,442,187,183,171,172,157,187,187,187,179,179,179,183,179,177,170,170,168,184,178,169,158,167,161,297,268,324,340,329,343,326,261,254,254,245,202,206,191,195,193,191,184,283,283,282,276,264,256,376,375,366,364,357,355,483,411,397,375,399,393,784,803,702,656,824,811,809,712,759,759,29974,29976,29980,29981,29981,29982,29980,29980,29979,29980,29990,29991]} 1. e4 e6 2. Nf3 d5 3. Nc3 d4 4. Ne2 c5 5. c3 Nc6 6. cxd4 cxd4 7. Qa4 {[%cal Re2d4]} b5 {C00: French: Unusual White 2nd moves.} 8. Qxb5 Bd7 {White must now prevent ...Nb4.} 9. Ne5 {[#]} (9. Nexd4 $14 Nxd4 10. Nxd4) 9... Nxe5 $146 {The position is equal.} ({Predecessor:} 9... Rc8 10. Nxd7 Qxd7 11. Ng3 Rb8 12. Qa4 Rb4 13. Qc2 h5 14. h4 Bd6 15. a3 Rb6 {½-½ (33) Moreno,A (2400)-Rojas Keim,L (2390) Quito 1997}) 10. Qxe5 Ne7 {White now steadily converts the win.} 11. Nxd4 {Hoping for Nb5.} Ng6 12. Qg3 e5 13. Nf3 (13. Nf5 $142) 13... f6 14. Bc4 Rc8 (14... Nf4 $16) 15. d3 $18 Qb6 16. O-O Nf4 (16... Be6 $142 17. Be3 Bc5) 17. Bxf4 exf4 18. Qxf4 Qxb2 $2 (18... g5 19. Qe3 Bd6) 19. e5 Be7 20. exf6 Qxf6 21. Qxf6 (21. Qe3 $142) 21... Bxf6 22. Rab1 Kd8 23. Ba6 Rc6 24. Rb8+ Bc8 25. Rxc8+ Rxc8 26. Bxc8 Kxc8 {[%mdl 4096] Endgame KRB-KRN} 27. Rc1+ Kd7 28. Rc4 Rb8 {( -> ...Rb1+)} 29. g3 a5 30. h4 Rb2 31. Ra4 Bc3 32. Kg2 Bb4 {[#]} (32... Kd6 $142 33. Rc4 Bf6) 33. Ne5+ $1 Kc7 34. Nc4 Re2 {intending ...Kc6.} 35. Nxa5 Bc5 36. Rf4 Rxa2 37. Nc4 Kc6 38. Rf5 Bd4 39. Ne5+ Kd6 40. Nf7+ Ke7 41. Ng5 Rd2 (41... h6 $142) 42. Nxh7 Rxd3 43. Ng5 Rd2 44. Rf4 Bb6 (44... Ba1 {was necessary.} 45. Ra4 Bb2) 45. Rf7+ Ke8 46. Rxg7 Rxf2+ 47. Kh3 Bd4 48. Rg8+ Ke7 49. h5 Rf1 50. Kg4 Rh1 $2 (50... Rf6 51. Rg7+ Ke8) 51. Rg6 Ra1 52. h6 Ra8 53. h7 Bf6 54. Rg8 Ra4+ 55. Kh5 Ra1 56. Kg6 {White mates.} Ra6 {[#]} 57. Rg7+ $1 {[%mdl 64] Promotion} Bxg7+ 58. Kxg7 Ra5 59. h8=Q Rxg5+ 60. Kh6 Rxg3 61. Qe5+ {[%mdl 64] Double Attack. Accuracy: White = 78%, Black = 40%.} 1-0

[Event "29th CRO-chT Junior 2020"]
[Site "Cakovec"]
[Date "2020.07.16"]
[Round "5.2"]
[White "Cvitan, Ena"]
[Black "Matota, Dominik"]
[Result "1-0"]
[WhiteElo "2258"]
[BlackElo "1807"]
[Annotator "TA"]
[PlyCount "91"]
[EventDate "2020.07.14"]
[EventType "team-tourn"]
[EventCountry "CRO"]
[SourceTitle "playchess.com"]
[Source "ChessBase"]
[SourceQuality "1"]

{[%evp 14,90,36,35,41,33,41,36,54,47,64,30,22,18,32,13,20,19,38,31,83,82,83,77,100,93,185,135,142,118,145,141,148,102,153,153,350,77,282,258,475,405,552,543,999,681,645,387,740,726,717,631,646,679,823,633,928,927,800,741,917,849,1248,1143,29988,29981,29981,29982,29981,12838,12838,12838,12839,12839,29992,29993,29993,29994,29999]} 1. d4 Nf6 2. c4 g6 3. Nc3 Bg7 4. e4 d6 5. h3 O-O 6. Be3 e5 7. d5 Na6 8. Nf3 Bd7 {E90: King's Indian: Classical: Early deviations and 6 h3.} 9. g4 c6 10. Nd2 cxd5 {White is slightly better.} 11. cxd5 Nc7 12. Be2 b5 13. b4 a5 14. a3 {[#]} axb4 $146 ({Predecessor:} 14... h5 15. bxa5 Rxa5 16. gxh5 Nxh5 17. Bxh5 gxh5 18. Rg1 Ne8 19. Nb3 Ra8 20. Qxh5 b4 21. axb4 Rxa1+ 22. Nxa1 {1-0 (43) Babujian,L (2512)-Ipatov,A (2635) Al Ain 2013}) 15. axb4 Rxa1 16. Qxa1 Qa8 (16... Qe7 $14) 17. O-O $16 Rb8 18. Nb3 Nfe8 19. Na5 h5 (19... f5 $16) 20. Qb2 hxg4 21. Ra1 {aiming for Nc6.} ({Reject} 21. Bxg4 $6 f5 $11) 21... Na6 22. hxg4 Nec7 23. Qb3 Kf8 (23... Bf6 $142) 24. Rc1 f5 $2 (24... Ne8 $16 {might work better.} 25. f3 Kg8) 25. f3 $2 (25. exf5 $18 {is more deadly.} gxf5 26. gxf5) 25... fxg4 $2 (25... Kf7 $16 {was called for.}) 26. fxg4 $18 Rc8 $2 (26... Kg8 {was worth a try.} 27. Nc6 Rf8) 27. Kg2 Nb8 28. Ra1 Ke8 29. Ra2 Nba6 30. Rc2 Nb8 $2 {[#]} (30... Kf7 31. Nc6 Rh8 32. Nxb5 Nxb5) 31. Nxb5 $1 {[%mdl 512]} Nxb5 32. Rxc8+ Bxc8 33. Bxb5+ Kf8 34. Qc4 Bd7 35. Bxd7 Nxd7 {[#]} 36. Qc6 $1 Qd8 37. Qxd6+ Kg8 38. Nc6 Qh4 39. Qxd7 Qe1 40. Ne7+ Kh7 41. g5 (41. Qe6 $142 Qe2+ 42. Bf2 Qxe4+ 43. Kh2 Qc2 {[#]} 44. Qf7 $1 {[%mdl 512]} Kh6 45. d6 Kg5 46. Nd5) 41... Qe2+ 42. Bf2 {White threatens Qe6 and mate.} Qxe4+ 43. Kg1 {Intending Qh3+ and mate.} Qf3 44. Qe6 {[%csl Ge7][%cal Re6g8] White mates.} Qd1+ 45. Kg2 {[%csl Ge7][%cal Re6g8]} Qc2 46. Qg8# {Accuracy: White = 61%, Black = 31%.} 1-0

[Event "29th CRO-chT Junior 2020"]
[Site "Cakovec"]
[Date "2020.07.16"]
[Round "5.3"]
[White "Borzan, Matej"]
[Black "Dabic, Stjepan"]
[Result "0-1"]
[WhiteElo "1746"]
[BlackElo "2120"]
[Annotator "TA"]
[PlyCount "60"]
[EventDate "2020.07.14"]
[EventType "team-tourn"]
[EventCountry "CRO"]
[SourceTitle "playchess.com"]
[Source "ChessBase"]
[SourceQuality "1"]

{[%evp 17,60,28,29,36,50,52,57,55,70,64,55,-38,-38,-32,-20,-31,-35,-97,-88,-222,-250,-615,-610,-602,-592,-790,-806,-795,-655,-789,-425,-667,-573,-747,-682,-643,-647,-610,-604,-695,-695,-695,-691,-842,-829]} 1. d4 Nf6 2. Nf3 g6 3. c4 Bg7 4. Nc3 O-O 5. e4 d6 6. Be2 Nbd7 7. h3 e5 8. d5 Nc5 9. Qc2 a5 10. Bg5 {E93: King's Indian: Classical: Petrosian System with 7...Nbd7.} h6 11. Be3 Nh5 12. g3 {White is slightly better.} f5 13. Nh4 Nf4 $1 14. Bxf4 ({Much weaker is} 14. gxf4 Qxh4 15. Bxc5 dxc5 $17) (14. Bxc5 $1 $14 dxc5 15. O-O-O) 14... exf4 $15 15. Nxg6 fxg3 16. Nxf8 {Hoping for Ne6.} gxf2+ $1 17. Kf1 (17. Kxf2 $15 Bxc3 18. bxc3 Qh4+ 19. Kg2 Qg5+ 20. Bg4 fxg4 21. Rhf1) 17... Qxf8 $17 {[#]} 18. Rh2 $146 (18. Qd2 $17) ({Predecessor:} 18. e5 dxe5 19. Rh2 e4 20. Rxf2 Qd6 21. Qd2 Qg3 22. Rg2 Qxh3 23. Qf4 Ra6 24. Kg1 {1-0 (37) Papadopoulou,V (2210)-Bogdanov,O (2297) Moscow 2003}) 18... fxe4 $19 19. Rxf2 $2 (19. Qd2 Be5 20. Rg2+ Kh7 21. Bg4 Bxg4 22. hxg4) 19... Bxh3+ {Black is clearly winning.} 20. Ke1 Qe7 {White must now prevent ...Nd3+.} 21. Kd1 Qh4 22. Rh2 Qg3 {( -> ...Qg1+)} 23. Rh1 Re8 24. Kd2 (24. Qd2 $142 Bf5 25. Bh5) 24... Bg2 25. Rhg1 Qf4+ 26. Kd1 Qf2 27. Re1 {[#] Now Bh5 and White clings on.} Nd3 $1 {[%mdl 512]} 28. Bxd3 {[#]} Qxe1+ $1 {[%mdl 512]} 29. Kxe1 exd3+ {[%mdl 64] Discovered Attack} 30. Kd2 dxc2 {White got outplayed after the opening. Accuracy: White = 31%, Black = 82%.} 0-1

[Event "29th CRO-chT Junior 2020"]
[Site "Cakovec"]
[Date "2020.07.16"]
[Round "5.4"]
[White "Purini, Bruno"]
[Black "Dankos, Mislav"]
[Result "1-0"]
[WhiteElo "2017"]
[BlackElo "1274"]
[Annotator "TA"]
[PlyCount "71"]
[EventDate "2020.07.14"]
[EventType "team-tourn"]
[EventCountry "CRO"]
[SourceTitle "playchess.com"]
[Source "ChessBase"]
[SourceQuality "1"]

{[%evp 12,71,10,-5,15,27,39,31,59,59,59,64,102,105,91,80,103,99,119,106,187,197,302,281,307,301,309,294,557,546,612,548,775,793,966,950,921,928,902,714,1000,632,998,959,1258,1284,2336,3906,7339,4134,3400,3089,2389,1633,29989,29990,29990,29983,29980,1783,29990,29986]} 1. e4 c5 2. Nf3 Nc6 3. g3 g6 4. Bg2 Nf6 5. d3 Bg7 6. O-O d6 7. c3 Qb6 {A04: Unusual lines after 1 Nf3 and King's Indian Attack.} 8. Na3 {[%cal Bb1a3,Ba3c4,Bc4e3][%mdl 32] [#]} Bg4 $146 ({Predecessor:} 8... O-O 9. Nc4 Qc7 10. Qc2 b5 11. Ne3 Rb8 12. a3 Bd7 13. Bd2 Rfc8 14. Rfc1 Qd8 {½-½ (34) Nunes da Silva,D (1595)-De Oliveira,O (1840) Sao Sebastiao do Paraiso 2016}) 9. h3 Bxf3 {White is slightly better.} 10. Qxf3 Nd7 11. Qe2 e5 12. Nc4 Qc7 13. a4 $36 {[%mdl 2048] White is really pushing.} Nb6 14. Ne3 a5 15. f4 O-O (15... exf4 $16 {was worth a try.} 16. gxf4 O-O-O) 16. f5 $1 $18 Nd8 (16... Qd8 $142 17. Qc2 Kh8) 17. f6 Bh6 18. Nd5 {[%mdl 64] Discovered Attack} Nxd5 19. Bxh6 Nxc3 $2 (19... Nb6 20. Bxf8 Kxf8) 20. bxc3 Re8 21. h4 Ne6 22. Bh3 c4 23. Bxe6 cxd3 24. Qxd3 Rxe6 25. h5 d5 26. exd5 e4 27. Qe3 Re5 28. Bf4 {[%mdl 64] Skewer} g5 29. Bxe5 Qxe5 {[#]} 30. d6 $1 Rd8 (30... Qxd6 31. Qxg5+) 31. Rad1 h6 32. c4 b6 33. Rd5 Qe6 34. Kh2 Kh7 35. Rd4 (35. Qxb6 $142 e3 36. Rxg5 (36. Qxd8 e2 $18) 36... hxg5 37. Qxd8 e2 {[#]} 38. Re1 $1 {[%mdl 512]} Qg4 39. Qe7 $1 {[%mdl 512]} Qxh5+ 40. Kg2) 35... Kg8 36. Qxe4 {Black did not feel at home in the position after the opening. Accuracy: White = 88%, Black = 26%.} 1-0

[Event "29th CRO-chT Junior 2020"]
[Site "Cakovec"]
[Date "2020.07.16"]
[Round "5.5"]
[White "Cotic, Borna"]
[Black "Alfirevic, Duje"]
[Result "1/2-1/2"]
[WhiteElo "2049"]
[BlackElo "2011"]
[Annotator "TA"]
[PlyCount "63"]
[EventDate "2020.07.14"]
[EventType "team-tourn"]
[EventCountry "CRO"]
[SourceTitle "playchess.com"]
[Source "ChessBase"]
[SourceQuality "1"]

{[%evp 17,63,9,6,0,6,6,6,3,19,0,0,0,0,-8,-8,-8,-8,-8,-8,-8,-3,-5,-6,-13,-13,-11,-7,-7,-7,-9,-8,-8,0,-7,-2,-8,-12,-12,-11,-20,-1,-7,0,0,0,0,0,0]} 1. e4 e5 2. Nf3 Nc6 3. Nc3 Nf6 4. d4 exd4 5. Nxd4 Bb4 6. Nxc6 bxc6 7. Bd3 d5 8. exd5 cxd5 9. O-O O-O {The position is equal.} 10. h3 {C47: Scotch Four Knights and Four Knights with 4 g3.} h6 11. Qf3 c6 12. Bf4 Bd6 13. Ne2 c5 14. c4 {[#]} Bb7 $146 ({Predecessor:} 14... Be6 15. Rad1 d4 16. Ng3 Bxf4 17. Qxf4 Qb8 18. Qd2 Qd6 19. f4 Rab8 20. Qf2 Rb4 21. b3 a5 22. Bc2 Rbb8 23. Qf3 Bd7 24. Qd3 Rfe8 {1-0 (24) Nebolsina,V (2220)-Stepanyan,E (1952) Sochi 2017}) 15. Bxd6 Qxd6 16. cxd5 Bxd5 17. Qg3 Qxg3 18. Nxg3 c4 19. Bc2 Rfb8 20. Rab1 Rb6 21. b3 cxb3 22. Bxb3 Rab8 {[%cal Rd5b3]} 23. Ra1 Bxb3 24. axb3 R8b7 25. Rfb1 g6 26. Ra3 h5 27. Ne2 Ne4 28. Nd4 Nd2 29. Rba1 Nxb3 30. Rxb3 Rxb3 31. Nxb3 Rxb3 32. Rxa7 {Not much happened in this game. Accuracy: White = 100%, Black = 100%.} 1/2-1/2

[Event "29th CRO-chT Junior 2020"]
[Site "Cakovec"]
[Date "2020.07.16"]
[Round "5.6"]
[White "Dumancic, Simun"]
[Black "Simunic, Krunoslav"]
[Result "1-0"]
[WhiteElo "1896"]
[BlackElo "2047"]
[Annotator "TA"]
[PlyCount "87"]
[EventDate "2020.07.14"]
[EventType "team-tourn"]
[EventCountry "CRO"]
[SourceTitle "playchess.com"]
[Source "ChessBase"]
[SourceQuality "1"]

{[%evp 9,87,20,32,29,37,35,34,20,40,33,49,0,14,-2,29,0,0,-14,-7,-22,-10,-11,-14,-29,-38,-29,-46,-40,-27,-31,35,37,22,11,13,22,19,19,22,15,15,13,93,87,72,77,68,69,69,66,66,58,200,95,95,95,95,96,90,82,82,75,76,88,77,64,73,8,8,10,9,0,43,41,56,-13,470,468,800,800]} 1. e4 e6 2. d4 d5 3. Nd2 c5 4. Ngf3 Nf6 5. exd5 Qxd5 6. Bc4 {C07: French Tarrasch: 3...c5, 4 Ngf3 and 4 exd5 Qxd5.} Qd7 7. dxc5 Bxc5 8. O-O {White is slightly better.} Nc6 9. Qe2 O-O 10. Nb3 Bd6 11. Bg5 {[#]} a6 $146 ({Predecessor:} 11... Qc7 12. Rad1 e5 13. Bxf6 gxf6 14. Nh4 Ne7 15. Rd3 Kh8 16. Qh5 Qxc4 17. Rxd6 Qf4 {1-0 (34) Klundt,K (2297)-Bluebaum,J (1981) Heusenstamm 2019}) 12. a4 Qc7 13. c3 Ng4 {[%cal Rd6h2]} 14. h3 Nge5 15. Nxe5 Nxe5 16. Bd3 h6 17. Be3 Nxd3 18. Qxd3 Rd8 {[#] Hoping for ...Bh2+.} 19. Qe4 b6 (19... f5 $15 20. Qh4 f4) 20. a5 $14 Bb7 21. axb6 Bxe4 22. bxc7 Bxc7 23. Nc5 Bd3 24. Nxd3 Rxd3 25. Rfd1 $36 {[%mdl 2048] White has the initiative.} Rad8 (25... Rxd1+ $11 26. Rxd1 Rb8) 26. Rxd3 $16 Rxd3 {[%mdl 4096] Endgame KRB-KRB} 27. Kf1 a5 28. Ke2 Rd8 29. c4 f5 30. Bd2 Kf7 (30... Be5 $14) 31. b4 (31. Bxa5 $18 Bxa5 32. Rxa5) 31... axb4 32. Ra7 ({Reject} 32. Bxb4 Kf6 $11) 32... Rd7 33. Bxb4 {And now Ba5 would win.} Ke8 34. c5 Be5 35. Ra6 Kf7 36. c6 Rd8 37. Ra7+ Kg6 38. Re7 (38. Bc5 $16) 38... Kf6 $11 39. Rb7 {Strongly threatening Be7+.} Rc8 40. Rb6 Bd4 41. Ra6 Ke5 42. c7 (42. Kd3 $1 $14 Bxf2 {[#]} 43. c7 $1 {[%mdl 512]}) 42... Kd5 $2 {[%mdl 8192]} (42... Kf6 $1 $11) 43. Rd6+ $18 Ke5 (43... Kc4 $142 44. Ba5 Bf6) 44. Rd8 {Accuracy: White = 77%, Black = 63%.} 1-0